| 000 | 00349nam a22001457a 4500 | ||
|---|---|---|---|
| 003 | OSt | ||
| 005 | 20160512095949.0 | ||
| 008 | 160512b xxu||||| |||| 00| 0 eng d | ||
| 020 | _a978-1-4767-2511-6 | ||
| 040 | _cN/A | ||
| 100 | _aSTEPHEN R. COVEY | ||
| 245 | _aTHE WISDOM AND TEACHINGS OF | ||
| 260 |
_aUSA _bFREE PRESS _c2012 |
||
| 942 |
_2lcc _cBK |
||
| 999 |
_c253553 _d253552 |
||